Mitología clásica
Tallennettuna:
| Päätekijä: | |
|---|---|
| Aineistotyyppi: | Kirja |
| Kieli: | Undetermined |
| Julkaistu: |
Madrid, España
M.E. Editores
1995
|
| Aiheet: | |
| Tagit: |
Lisää tagi
Ei tageja, Lisää ensimmäinen tagi!
|
MARC
| LEADER | 00000nam a2200000Ia 4500 | ||
|---|---|---|---|
| 008 | 170316s9999 xx 000 0 und d | ||
| 090 | |a 291 M-3m | ||
| 100 | |a Moncrieff, A. R. Hope | ||
| 245 | |a Mitología clásica | ||
| 260 | |a Madrid, España | ||
| 260 | |b M.E. Editores | ||
| 260 | |c 1995 | ||
| 300 | |a 394 páginas | ||
| 650 | |a MITOLOGÍA | ||
| 650 | |a MITOLOGÍA CLÁSICA | ||
| 650 | |a LEYENDAS DE LA ANTIGUA GRECIA | ||
| 650 | |a DIOSES Y HÉROES | ||
| 999 | |c 18148 |d 18148 | ||
| 040 | |a cru BVZT | ||
| 942 | |c 15 D |h 291 M-3m |2 z | ||
